[Event "GER Seniors Derby 01st"]
[Site "Germany"]
[Date "2002.08.17"]
[Round "5"]
[White "Thome, Wilfried"]
[Black "Keller, Manfred1111"]
[Result "1/2-1/2"]
[WhiteElo "1484"]
[BlackElo "1742"]
[PlyCount "25"]
[EventDate "2002.08.??"]
[EventType "swiss"]
[EventRounds "7"]
[EventCountry "GER"]
[SourceTitle "EXT 2006"]
[Source "ChessBase"]
[SourceDate "2005.11.24"]
[SourceVersion "1"]
[SourceVersionDate "2005.11.24"]
[SourceQuality "1"]

1. e4 e6 2. d4 d5 3. Nd2 c5 4. Ngf3 Nf6 5. e5 Nfd7 6. c3 Nc6 7. Bd3 Be7 8. 0-0 f5 9. exf6 Nxf6 10. Re1 0-0 11. Nf1 Qb6 12. Re2 Bd7 13. b3 1/2-1/2